<?xml version="1.0" encoding="UTF-8"?>
<record
    xmlns:xsi="http://www.w3.org/2001/XMLSchema-instance"
    xsi:schemaLocation="http://www.loc.gov/MARC21/slim http://www.loc.gov/standards/marcxml/schema/MARC21slim.xsd"
    xmlns="http://www.loc.gov/MARC21/slim">

  <leader>01125nam a22002177a 4500</leader>
  <controlfield tag="003">KOHA_M&#x130;RAKIL</controlfield>
  <controlfield tag="005">20260414071339.0</controlfield>
  <controlfield tag="008">260408b        tu ||||| |||| 00| 0 tur d</controlfield>
  <datafield tag="040" ind1=" " ind2=" ">
    <subfield code="a">TR-AnABB</subfield>
    <subfield code="b">tur</subfield>
    <subfield code="c">TR-AnABB</subfield>
  </datafield>
  <datafield tag="041" ind1=" " ind2=" ">
    <subfield code="a">tur</subfield>
  </datafield>
  <datafield tag="082" ind1=" " ind2=" ">
    <subfield code="a">338.9</subfield>
    <subfield code="b">DIN 1978</subfield>
  </datafield>
  <datafield tag="100" ind1="1" ind2=" ">
    <subfield code="a">Dinler, Zeynel</subfield>
  </datafield>
  <datafield tag="245" ind1="1" ind2="0">
    <subfield code="a">B&#xF6;lgesel iktisat /</subfield>
    <subfield code="c">Zeynel Dinler</subfield>
  </datafield>
  <datafield tag="260" ind1=" " ind2=" ">
    <subfield code="a">Ankara : </subfield>
    <subfield code="b">[yayl. y.] ,</subfield>
    <subfield code="c">1978</subfield>
  </datafield>
  <datafield tag="300" ind1=" " ind2=" ">
    <subfield code="a">375 sayfa ; </subfield>
    <subfield code="c">24 cm</subfield>
  </datafield>
  <datafield tag="504" ind1=" " ind2=" ">
    <subfield code="a">Kaynak&#xE7;a vard&#x131;r.</subfield>
  </datafield>
  <datafield tag="505" ind1=" " ind2=" ">
    <subfield code="a">&#x130;&#xE7;indekiler: Ekonomik d&#xFC;&#x15F;&#xFC;ncede alansal analiz - Faaliyetlerin alanda da&#x11F;&#x131;l&#x131;m nedenleri i&#x15F;letmelerin kurulu&#x15F; yerini etkileyen etmenler - Ekonomik alan ve b&#xF6;lge kavram&#x131; - Ekonomik geli&#x15F;me sonucu ortaya &#xE7;&#x131;kan b&#xF6;lgesel geli&#x15F;me farklar&#x131; - T&#xFC;rkiye'de b&#xF6;lgeleraras&#x131; sosyal ve ekonomik geli&#x15F;mi&#x15F;lik farklar&#x131; - B&#xF6;lgesel kalk&#x131;nma politikas&#x131;n&#x131;n ilke ama&#xE7; ve ara&#xE7;lar&#x131; - B&#xF6;lgeler aras&#x131; geli&#x15F;mi&#x15F;lik farklar&#x131;n&#x131; azaltmaya y&#xF6;nelik ara&#xE7;lar ve T&#xFC;rkiye - Kalk&#x131;nma kutuplar&#x131; kuram&#x131; - Kalk&#x131;nma kutuplar&#x131;n&#x131;n yarat&#x131;lmas&#x131; </subfield>
  </datafield>
  <datafield tag="650" ind1="0" ind2="4">
    <subfield code="a">Ekonomik politika</subfield>
  </datafield>
  <datafield tag="900" ind1=" " ind2=" ">
    <subfield code="b">Can &#xC7;ELIK</subfield>
  </datafield>
  <datafield tag="942" ind1=" " ind2=" ">
    <subfield code="2">ddc</subfield>
    <subfield code="c">BK</subfield>
  </datafield>
  <datafield tag="952" ind1=" " ind2=" ">
    <subfield code="0">0</subfield>
    <subfield code="1">0</subfield>
    <subfield code="2">ddc</subfield>
    <subfield code="7">0</subfield>
    <subfield code="a">RUK</subfield>
    <subfield code="b">RUK</subfield>
    <subfield code="d">2026-04-08</subfield>
    <subfield code="l">0</subfield>
    <subfield code="o">338.9 DIN 1978</subfield>
    <subfield code="p">RK7012</subfield>
    <subfield code="r">2026-04-08 08:23:36</subfield>
    <subfield code="w">2026-04-08</subfield>
    <subfield code="y">BK</subfield>
  </datafield>
  <datafield tag="999" ind1=" " ind2=" ">
    <subfield code="c">10187</subfield>
    <subfield code="d">10187</subfield>
  </datafield>
</record>
